000 00735nam a22002537a 4500
005 20250522152100.0
008 250522b |||||||| |||| 00| 0 eng d
037 _cTB
040 _aLCT
_cLCT
041 _2eng
_aeng
_heng
084 _aZ,94 Q18
100 _aMonir, M
_9784553
245 _aLaw of Evidence/
250 _a11th ed.
260 _aGurgaon, India:
_buniversal, Lexis Nexis,
_c2018
300 _aLxxiv, 520p.
650 _aLaw
_9784520
650 _2Law of Evidence
650 _aIndian Evidence Act
_9784521
650 _aCriminal law
_9784522
650 _aBharatiya Sakshya Adhiniyam, 2023
_9784523
650 _aIndian evidence law
_9784524
942 _2CC
_cTB
_hZ,94 Q18
_n0
999 _c1430913
_d1430913